00257nam a2200109Ia 4500008004100000082001100041100001400052245001900066260004200085300000800127650001200135191201s1983 xx 000 0 und d a530.44 aKAMAL,Raj 0aPlasma Physics aN. DelhibWiley Dreautech Indiac1983 a212 aApplied